01534nam a2200385 c 450000100060000000300100000600500170001600700030003300800410003602000180007704000350009504100080013004300120013808400110015010000510016124501160021225000220032826400550035030000180040533600270042333700330045033800280048349000160051150000250052750000420055250501450059452100390073960000760077865000400085465000320089465000400092665000320096670000310099874001190102958974CO-BoRNBP20250901171056.0ta160801s2006 ck gr 000 jdspa d a9789580469087 aCO-BoRNBPbspaerdacCO-BoRNBP0 aspa as-ck--- aN CAI1 aCaicedo Estela, Luis Andrés,d1951-1977eaut10aAngelitos empantanados :bo historias para jovencitos /cAndrés Caicedo ; edición de Iván Hernández A.. aPrimera edición 1aBogotá, Colombia :bGrupo Editorial Norma,c2006 a108 páginas atextobtxt2rdacontent asin mediaciónbn2rdamedia avolumenbnc2rdacarrier0 aCara y cruz aIncluye cronología aIncluye datos biográficos del autor1 tEl pretendientetAngelita y Miguel ÁngeltEl tiempo de la ciénagatUna hermosa modelo que se convirtió en vampirotCitas a propósito aRecomendado para público juvenil 7aCaicedo Estela, Luis Andrés,d1951-1977xCrítica e interpretación07aAdolescentes en la literatura2lemb07aAmor en la literatura2lemb04aCuentos colombianosySiglo XX2LEMB04aLiteratura colombiana2LEMB aHernández A. Iváneedt0 aA propósito de Andrés Caicedo y su obraaAngelita y Miguel ÁngelaEl pretendienteaEl tiempo de la ciénaga